F1 2025 Fahrer-Bilderquiz Teil 2 - Statistiken

Allgemein
  • Dieses Quiz wurde 53 mal gespielt
  • Das Durchschnittsergebnis liegt bei 9 aus 10
Antwortstatistiken
Bildquiz Antwort % Korrekt
Hamilton
100%
Leclerc
100%
Verstappen
98%
Norris
96%
Piastri
94%
Sainz
94%
Tsunoda
94%
Antonelli
92%
Albon
84%
Russell
84%
Keine übereinstimmenden Quizze gefunden
Verteilung der Resultate
Anzahl Personen mit jedem Resultat
Perzentil nach korrekt beantworteten Fragen
Ihre Resultats-Entwicklung
Sie haben dieses Quiz noch nicht gespielt